| 000 -ლიდერი |
| ფიქსირებული სიგრძის საკონტროლო ველი |
01201nam a2200253Ia 4500 |
| 001 - საკონტროლო ნომერი |
| საკონტროლო ველი |
2798 |
| 003 - საკონტროლო ნომრის იდენტიფიკატორი |
| საკონტროლო ველი |
GE_BSU |
| 005 - ბოლო ოპერაციის თარიღი და დრო |
| საკონტროლო ველი |
20190506142524.0 |
| 008 - ფიქსირებული სიგრძის მონაცემთა ელემენტები - ზოგადი ინფორმაცია |
| ფიქსირებული სიგრძის საკონტროლო ველი |
181216s1995||||ge |||||||||||||| ||geo|| |
| 040 ## - კატალოგიზაციის წყარო |
| Transcribing agency |
GE_BSU |
| 041 ## - ენის კოდი |
| Language code of text/sound track or separate title |
geo |
| 080 ## - უნივერსალური ათობითი კლასიფიკაციის ინდექსი |
| Universal Decimal Classification number |
330.1(075.8) ს–83 |
| 100 ## - მთავარი ჩანაწერი - პიროვნების სახელი |
| Personal name |
სტენლეიკი, ჯ. ფ |
| 9 (RLIN) |
784 |
| 245 ## - ცნობა სათაურის შესახებ |
| Title |
ეკონომიკსი დამწყებთათვის / |
| Statement of responsibility, etc |
ჯ. ფ. სტენლეიკი ; მთარგმნ.: ვ. ვეფხვაძე, ჯ. არაბიძე |
| 264 ## - წარმოების, გამოცემის, დისტრიბუციის და სხვა ცნობები |
| გამოცემის, წარმოების, დისტრიბუციის... ადგილი |
თბილისი . : |
| გამოცემის, წარმოების, დისტრიბუციის... სახელწოდება |
ფარნავაზი, |
| გამოცემის, წარმოების, დისტრიბუციის... თარიღი |
1995. |
| 300 ## - ფიზიკური აღწერა |
| Extent |
484 გვ ; |
| Dimensions |
20 სმ. |
| 653 ## - INDEX TERM--UNCONTROLLED |
| Uncontrolled term |
ეკონომიკსი |
| 653 ## - INDEX TERM--UNCONTROLLED |
| Uncontrolled term |
ეკონომიკა |
| 700 ## - ADDED ENTRY--PERSONAL NAME |
| Personal name |
ვეფხვაძე, ვ |
| Relator term |
მთარგმნელი |
| 9 (RLIN) |
785 |
| 700 ## - ADDED ENTRY--PERSONAL NAME |
| Personal name |
არაბიძე, ჯ |
| Relator term |
მთარგმნელი |
| 9 (RLIN) |
786 |
| 710 ## - ADDED ENTRY--CORPORATE NAME |
| Corporate name or jurisdiction name as entry element |
საქ.რესპ ეკონ.სამ–სთან არსებ.ეკონ. და სოც. პრობლ. ის სამეცნ.–კვლე ინ–ტი.; სასწ–ეკონ. ინ–ტი. |
| 9 (RLIN) |
789 |
| 942 ## - ADDED ENTRY ELEMENTS (KOHA) |
| Koha item type |
წიგნი |
| Source of classification or shelving scheme |
|